America and the world / (Record no. 122730)

MARC details
000 -LEADER
fixed length control field 00742nam a22002537a 4500
005 - DATE AND TIME OF LATEST TRANSACTION
control field 20170124105914.0
010 ## - LIBRARY OF CONGRESS CONTROL NUMBER
LC control number 744691
020 ## - INTERNATIONAL STANDARD BOOK NUMBER
Terms of availability 00.00
International Standard Book Number 0801811031
020 ## - INTERNATIONAL STANDARD BOOK NUMBER
International Standard Book Number 0801811163
035 ## - SYSTEM CONTROL NUMBER
System control number 744691
037 ## - SOURCE OF ACQUISITION
Source of stock number/acquisition Cen Lib/Ret
040 ## - CATALOGING SOURCE
Original cataloging agency DPL
Language of cataloging EN
082 ## - DEWEY DECIMAL CLASSIFICATION NUMBER
Classification number 327.73
Item number OSG
100 ## - MAIN ENTRY--PERSONAL NAME
Personal name Osgood, Robert E.
9 (RLIN) 1949
245 ## - TITLE STATEMENT
Title America and the world /
Statement of responsibility, etc by Robert E. Osgood ...[et al.]
260 ## - PUBLICATION, DISTRIBUTION, ETC. (IMPRINT)
Place of publication, distribution, etc London
Name of publisher, distributor, etc The Joins Hopkins Press
Date of publication, distribution, etc 1970
270 ## - ADDRESS
Address Baltimore
City London
300 ## - PHYSICAL DESCRIPTION
Extent ix,434p.
Dimensions 20cm(Hb)
500 ## - GENERAL NOTE
General note Includes index
650 ## - SUBJECT ADDED ENTRY--TOPICAL TERM
Topical term or geographic name as entry element Foreign relation
9 (RLIN) 107036
650 ## - SUBJECT ADDED ENTRY--TOPICAL TERM
Topical term or geographic name as entry element History
Geographic subdivision America
9 (RLIN) 107037
700 ## - ADDED ENTRY--PERSONAL NAME
Personal name Osgood, Robert E.
9 (RLIN) 1949
942 ## - ADDED ENTRY ELEMENTS (KOHA)
Source of classification or shelving scheme Dewey Decimal Classification
Koha item type English Books
Classification part 327.73
Call number suffix OSG
Holdings
Withdrawn status Lost status Damaged status Not for loan Collection code Home library Current library Date acquired Source of acquisition Cost, normal purchase price Total Checkouts Full call number Barcode Date last seen Copy number Cost, replacement price Price effective from Koha item type Public note
Written off     Not For Loan Reference Central Library Central Library 29/05/2015 Cen Lib/Ret 0.00   327.73 OSG 744691 29/05/2015 1 0.00 29/05/2015 English Books Written off on approval by DLB (By Circulation); dtd 15-06-2023

© Delhi Public Library
Hit Counter
free hit counter